Historic churches (Record no. 102738)
[ view plain ]
| 000 -LEADER | |
|---|---|
| fixed length control field | 02094cam a2200637 4500 |
| 008 - FIXED-LENGTH DATA ELEMENTS--GENERAL INFORMATION | |
| fixed length control field | 000000n2002 000 0 eng u |
| 020 ## - INTERNATIONAL STANDARD BOOK NUMBER | |
| International Standard Book Number | 1900915227 |
| 035 ## - SYSTEM CONTROL NUMBER | |
| System control number | (Sirsi) u121792 |
| 041 ## - LANGUAGE CODE | |
| Language code of text/sound track or separate title | eng |
| 050 ## - LIBRARY OF CONGRESS CALL NUMBER | |
| Classification number | 690.241 |
| -- | 18 |
| 110 ## - MAIN ENTRY--CORPORATE NAME | |
| Corporate name or jurisdiction name as entry element | Building Conservation Directory |
| 9 (RLIN) | 3988 |
| 245 ## - TITLE STATEMENT | |
| Title | Historic churches |
| Remainder of title | the conservation and repair of ecclesiastical buildings |
| 250 ## - EDITION STATEMENT | |
| Edition statement | 9th ed. |
| 260 ## - PUBLICATION, DISTRIBUTION, ETC. | |
| Place of publication, distribution, etc. | Tisbury |
| Name of publisher, distributor, etc. | Cathedral Communications |
| Date of publication, distribution, etc. | 2002 |
| 300 ## - PHYSICAL DESCRIPTION | |
| Extent | 56p. |
| Other physical details | ill. |
| Dimensions | 30cm. |
| 350 ## - PRICE (NR) (BK AM CF MU VM SE) [OBSOLETE] | |
| Price | 5.95 |
| 490 ## - SERIES STATEMENT | |
| Series statement | Building Conservation Directory Special Report |
| Volume/sequential designation | 1 |
| 505 ## - FORMATTED CONTENTS NOTE | |
| Formatted contents note | Tin tabernacles |
| 505 ## - FORMATTED CONTENTS NOTE | |
| Formatted contents note | Bridge chapels |
| 505 ## - FORMATTED CONTENTS NOTE | |
| Formatted contents note | VAT anbd the Listed Places of Worship Grant Scheme |
| 505 ## - FORMATTED CONTENTS NOTE | |
| Formatted contents note | St Eilian's Church, Anglesey |
| 505 ## - FORMATTED CONTENTS NOTE | |
| Formatted contents note | Before Big Ben |
| 505 ## - FORMATTED CONTENTS NOTE | |
| Formatted contents note | Lead in stained glass windows |
| 505 ## - FORMATTED CONTENTS NOTE | |
| Formatted contents note | In trust |
| 505 ## - FORMATTED CONTENTS NOTE | |
| Formatted contents note | Survey access |
| 505 ## - FORMATTED CONTENTS NOTE | |
| Formatted contents note | Ecclesiastical law and the Church of England |
| 505 ## - FORMATTED CONTENTS NOTE | |
| Formatted contents note | Rebuilding a church spire |
| 505 ## - FORMATTED CONTENTS NOTE | |
| Formatted contents note | The analysis of mortar |
| 505 ## - FORMATTED CONTENTS NOTE | |
| Formatted contents note | Painting historic ironwork |
| 505 ## - FORMATTED CONTENTS NOTE | |
| Formatted contents note | Organ builders and restorers map |
| 520 ## - SUMMARY, ETC. | |
| Summary, etc. | An annual looking at issues surrounding the conservation and repair of churches which includes a directory of useful orgnaisations, products and services. |
| 650 ## - SUBJECT ADDED ENTRY--TOPICAL TERM | |
| Topical term or geographic name entry element | BRIDGE CHAPELS |
| 650 ## - SUBJECT ADDED ENTRY--TOPICAL TERM | |
| Topical term or geographic name entry element | CHAPELS |
| 650 ## - SUBJECT ADDED ENTRY--TOPICAL TERM | |
| Topical term or geographic name entry element | CHURCHES |
| 650 ## - SUBJECT ADDED ENTRY--TOPICAL TERM | |
| Topical term or geographic name entry element | ECCLESIASTICAL LAW |
| 650 ## - SUBJECT ADDED ENTRY--TOPICAL TERM | |
| Topical term or geographic name entry element | GALVERNISED CORRUGATED IRON |
| 650 ## - SUBJECT ADDED ENTRY--TOPICAL TERM | |
| Topical term or geographic name entry element | IRONWORK |
| 650 ## - SUBJECT ADDED ENTRY--TOPICAL TERM | |
| Topical term or geographic name entry element | LISTED PLACES OF WORSHIP GRANT SCHEME |
| 650 ## - SUBJECT ADDED ENTRY--TOPICAL TERM | |
| Topical term or geographic name entry element | MORTARS |
| 650 ## - SUBJECT ADDED ENTRY--TOPICAL TERM | |
| Topical term or geographic name entry element | SPIRES |
| 650 ## - SUBJECT ADDED ENTRY--TOPICAL TERM | |
| Topical term or geographic name entry element | VALUE ADDED TAX |
| 690 ## - LOCAL SUBJECT ADDED ENTRY--TOPICAL TERM (OCLC, RLIN) | |
| Topical term or geographic name as entry element | BUILT ENVIRONMENT-BUILDING MAINTENANCE AND REFURBISHMENT-BUILDING CONSERVATION |
| 700 ## - ADDED ENTRY--PERSONAL NAME | |
| Personal name | Taylor, Jonathan |
| International Standard Serial Number | Editor |
| 700 ## - ADDED ENTRY--PERSONAL NAME | |
| Personal name | Induni, Liz |
| 700 ## - ADDED ENTRY--PERSONAL NAME | |
| Personal name | Green, Edward |
| 700 ## - ADDED ENTRY--PERSONAL NAME | |
| Personal name | Griffin, Nicola |
| 700 ## - ADDED ENTRY--PERSONAL NAME | |
| Personal name | Voelcker, Adam |
| 700 ## - ADDED ENTRY--PERSONAL NAME | |
| Personal name | Betts, Jonathan |
| 700 ## - ADDED ENTRY--PERSONAL NAME | |
| Personal name | Strobl, Sebastian |
| 700 ## - ADDED ENTRY--PERSONAL NAME | |
| Personal name | Taylor, Jonathan |
| 700 ## - ADDED ENTRY--PERSONAL NAME | |
| Personal name | Fairclough, Alexandria |
| 700 ## - ADDED ENTRY--PERSONAL NAME | |
| Personal name | Hoath, John |
| 700 ## - ADDED ENTRY--PERSONAL NAME | |
| Personal name | Ellis, Peter |
| 700 ## - ADDED ENTRY--PERSONAL NAME | |
| Personal name | Blackney, Keith |
| 942 ## - ADDED ENTRY ELEMENTS (KOHA) | |
| Suppress in OPAC | 0 |
| Withdrawn status | Lost status | Source of classification or shelving scheme | Damaged status | Not for loan | Home library | Current library | Shelving location | Date acquired | Cost, normal purchase price | Total Checkouts | Full call number | Barcode | Date last seen | Date last checked out | Copy number | Cost, replacement price | Price effective from | Koha item type |
|---|---|---|---|---|---|---|---|---|---|---|---|---|---|---|---|---|---|---|
| Dewey Decimal Classification | London | London | Folio | 17/04/2003 | 5.06 | 6 | F690.241 TAY | 30067184 | 06/08/2019 | 20/01/2006 | 1 | 5.06 | 06/08/2019 | Book |